[Event "Arcadia King Memorial 2nd"]
[Site "Arcadia"]
[Date "2023.08.14"]
[Round "9.5"]
[White "Doric, Nenad"]
[Black "Wu, Rochelle"]
[Result "1/2-1/2"]
[WhiteElo "2211"]
[BlackElo "2174"]
[PlyCount "36"]
[EventDate "2023.08.09"]
[EventType "schev"]
[EventRounds "10"]
[EventCountry "USA"]
[SourceTitle "EXT 2024"]
[Source "ChessBase"]
[SourceDate "2023.10.10"]
[SourceVersion "1"]
[SourceVersionDate "2023.10.10"]
[SourceQuality "1"]

1. d4 d5 2. c4 e6 3. Nc3 Nf6 4. cxd5 exd5 5. Bg5 Be7 6. e3 c6 7. Qc2 0-0 8. Bd3 Nbd7 9. Nf3 Re8 10. h3 Nf8 11. 0-0 g6 12. Rab1 a5 13. a3 Ne6 14. Bh6 Ng7 15. b4 Nf5 16. Bf4 Ng7 17. Bh6 Nf5 18. Bf4 Ng7 1/2-1/2

[Event "Arcadia King Memorial 2nd"]
[Site "Arcadia"]
[Date "2023.08.13"]
[Round "8.1"]
[White "Wu, Rochelle"]
[Black "Tomulic, Teo"]
[Result "1-0"]
[WhiteElo "2174"]
[BlackElo "2409"]
[PlyCount "129"]
[EventDate "2023.08.09"]
[EventType "schev"]
[EventRounds "10"]
[EventCountry "USA"]
[SourceTitle "EXT 2024"]
[Source "ChessBase"]
[SourceDate "2023.10.10"]
[SourceVersion "1"]
[SourceVersionDate "2023.10.10"]
[SourceQuality "1"]

1. d4 Nf6 2. c4 g6 3. Nc3 Bg7 4. e4 d6 5. h3 0-0 6. Be3 e5 7. d5 a5 8. g4 Na6 9. Nge2 Nc5 10. f3 Bd7 11. Ng3 c6 12. h4 cxd5 13. cxd5 Rb8 14. h5 b5 15. Qd2 b4 16. Nd1 Qe7 17. h6 Bh8 18. Bg5 Rfc8 19. Ne3 Qf8 20. Be2 Ne8 21. Nc4 a4 22. Rc1 Bf6 23. Be3 Bd8 24. Kf2 Kh8 25. Kg2 Qe7 26. f4 f6 27. fxe5 fxe5 28. Rhf1 Kg8 29. Rf2 Bb5 30. Rcf1 Nd7 31. b3 Bxc4 32. Bxc4 a3 33. Qc2 Bb6 34. Bb5 Bxe3 35. Bxd7 Bxf2 36. Be6+ Kh8 37. Qxf2 Nc7 38. Bxc8 Rxc8 39. Qb6 Qd7 40. Qxb4 Nb5 41. Kh3 Kg8 42. Qd2 Nd4 43. Qg5 Qd8 44. Qxd8+ Rxd8 45. Rc1 Nb5 46. Rc6 Rb8 47. Kg2 Kf7 48. Ne2 Kf6 49. Rc4 Ra8 50. Rb4 Ra5 51. Kg3 Nc7 52. Rc4 Rc5 53. Rxc5 dxc5 54. Nc3 Na6 55. Nb5 Nb4 56. Nxa3 Nxa2 57. Nc4 Nc1 58. Nd2 Nd3 59. Kf3 Nb4 60. Ke3 Kg5 61. Nf3+ Kxh6 62. Nxe5 Kg5 63. Nc6 Kxg4 64. Nxb4 cxb4 65. d6 1-0

[Event "Titled Tuesday intern op 01st Aug Late"]
[Site "Chess.com INT"]
[Date "2023.08.01"]
[Round "6"]
[White "Pichot, Alan"]
[Black "Wu, Rochelle"]
[Result "1-0"]
[WhiteElo "2642"]
[BlackElo "2174"]
[PlyCount "81"]
[EventDate "2023.08.01"]
[EventType "swiss (blitz)"]
[EventRounds "11"]
[EventCountry "USA"]
[SourceTitle "EXT 2024"]
[Source "ChessBase"]
[SourceDate "2023.10.10"]
[SourceVersion "1"]
[SourceVersionDate "2023.10.10"]
[SourceQuality "1"]

1. e4 c5 2. Nf3 d6 3. Nc3 Nc6 4. d4 cxd4 5. Nxd4 Nf6 6. Nd5 e6 7. Nxf6+ gxf6 8. Be3 Be7 9. Qh5 Bd7 10. 0-0-0 a6 11. f4 Qa5 12. Qxa5 Nxa5 13. Be2 Rc8 14. b3 Nc6 15. Bh5 Nxd4 16. Bxd4 Rg8 17. g3 Bc6 18. Rhe1 d5 19. exd5 Bxd5 20. Bxf6 Bxf6 21. Rxd5 Ke7 22. Bf3 Rc3 23. Bg2 Rgc8 24. Rd2 R3c7 25. Red1 Bc3 26. Re2 Kf8 27. Rd3 b6 28. Be4 Kg7 29. g4 Bb4 30. f5 e5 31. g5 f6 32. h4 Be7 33. Rg2 Kh8 34. g6 Bf8 35. h5 Bh6+ 36. Kb2 Bf4 37. Rd6 Be3 38. Rxf6 h6 39. Rf7 Rc3 40. Rh7+ Kg8 41. Bd5+ 1-0

[Event "Titled Tuesday intern op 01st Aug Late"]
[Site "Chess.com INT"]
[Date "2023.08.01"]
[Round "9"]
[White "Wu, Rochelle"]
[Black "Willy, Stephen"]
[Result "0-1"]
[WhiteElo "2174"]
[BlackElo "2072"]
[PlyCount "80"]
[EventDate "2023.08.01"]
[EventType "swiss (blitz)"]
[EventRounds "11"]
[EventCountry "USA"]
[SourceTitle "EXT 2024"]
[Source "ChessBase"]
[SourceDate "2023.10.10"]
[SourceVersion "1"]
[SourceVersionDate "2023.10.10"]
[SourceQuality "1"]

1. d4 d5 2. c4 e6 3. Nc3 Be7 4. cxd5 exd5 5. Bf4 c6 6. e3 Nf6 7. Bd3 0-0 8. Nge2 h6 9. 0-0 Nh5 10. Be5 Nd7 11. Qc2 Nxe5 12. dxe5 g6 13. e4 d4 14. Na4 Ng7 15. Rad1 Ne6 16. Bc4 b6 17. Bxe6 Bxe6 18. Nxd4 Qc8 19. f4 c5 20. Nb5 Rd8 21. Rxd8+ Qxd8 22. f5 Bd7 23. Nac3 a6 24. Na3 b5 25. Nd5 Rc8 26. fxg6 fxg6 27. Qf2 Be6 28. Qg3 Kg7 29. Nf4 Bf7 30. e6 Be8 31. Nd5 Qd6 32. Qf3 Qxe6 33. Nc2 c4 34. Nd4 Bc5 35. Qf2 Qe5 36. Rd1 Bf7 37. Kh1 Qxe4 38. Nc3 Qe5 39. Rf1 Rf8 40. Nce2 Bd5 0-1

[Event "USA-ch U20 Girls"]
[Site "Saint Louis"]
[Date "2023.07.23"]
[Round "8"]
[White "Wu, Rochelle"]
[Black "Liu, Kelsey"]
[Result "1/2-1/2"]
[WhiteElo "2253"]
[BlackElo "1997"]
[PlyCount "72"]
[EventDate "2023.07.15"]
[EventType "tourn"]
[EventRounds "9"]
[EventCountry "USA"]
[SourceTitle "CBM 215 Extra"]
[Source "ChessBase"]
[SourceDate "2023.09.30"]
[SourceVersion "1"]
[SourceVersionDate "2023.09.30"]
[SourceQuality "1"]

1. d4 Nf6 2. c4 e6 3. Nc3 Bb4 4. f3 c5 5. d5 b5 6. e4 0-0 7. e5 exd5 8. exf6 d4 9. a3 Ba5 10. b4 dxc3 11. bxa5 Qxf6 12. Ra2 bxc4 13. f4 Ba6 14. Nf3 Rd8 15. Be3 Nc6 16. Bxc5 Rab8 17. Be2 Qf5 18. Be3 Rb1 19. Bc1 d5 20. g4 Qxg4 21. Qc2 Rb3 22. Rg1 Qd7 23. f5 Kh8 24. Rxg7 Kxg7 25. f6+ Kxf6 26. Qxh7 Qf5 27. Qh6+ Ke7 28. Qxc6 Rb1 29. Bd1 Rd6 30. Bg5+ f6 31. Re2+ Re6 32. Qc7+ Ke8 33. Qc6+ Ke7 34. Qc7+ Ke8 35. Qc6+ Ke7 36. Qc7+ Ke8 1/2-1/2

[Event "USA-ch U20 Girls"]
[Site "Saint Louis"]
[Date "2023.07.15"]
[Round "1"]
[White "Wu, Rochelle"]
[Black "Mou, Iris Zhaoying"]
[Result "1-0"]
[WhiteElo "2253"]
[BlackElo "2214"]
[PlyCount "57"]
[EventDate "2023.07.15"]
[EventType "tourn"]
[EventRounds "9"]
[EventCountry "USA"]
[SourceTitle "CBM 215 Extra"]
[Source "ChessBase"]
[SourceDate "2023.09.30"]
[SourceVersion "1"]
[SourceVersionDate "2023.09.30"]
[SourceQuality "1"]

1. d4 Nf6 2. c4 e6 3. Nf3 Bb4+ 4. Nbd2 0-0 5. a3 Be7 6. e4 d6 7. Be2 Nfd7 8. b4 e5 9. d5 a5 10. Bb2 Qe8 11. 0-0 f5 12. exf5 Nf6 13. Qc2 Nh5 14. Bd3 Qf7 15. g3 Kh8 16. Rfe1 Bd7 17. b5 b6 18. Re3 Qe8 19. Rae1 Qc8 20. Nd4 Bg5 21. Ne6 Bxe3 22. Rxe3 Re8 23. Qd1 Nf6 24. g4 Re7 25. g5 Ng8 26. Rh3 Be8 27. Qg4 h5 28. gxh6 Nxh6 29. f6 1-0

[Event "Chesterfield SPICE Cup op"]
[Site "Chesterfield"]
[Date "2022.12.19"]
[Round "3"]
[White "Wu, Rochelle"]
[Black "Kantor, Gergely"]
[Result "0-1"]
[WhiteElo "2298"]
[BlackElo "2553"]
[PlyCount "62"]
[EventDate "2022.12.18"]
[EventType "swiss"]
[EventRounds "9"]
[EventCountry "USA"]
[SourceTitle "CBM 212 Extra"]
[Source "ChessBase"]
[SourceDate "2023.03.31"]
[SourceVersion "1"]
[SourceVersionDate "2023.03.31"]
[SourceQuality "1"]

1. d4 e6 2. c4 b6 3. Nc3 Bb7 4. Qc2 f5 5. Nf3 Nf6 6. Bf4 Bb4 7. a3 Bxc3+ 8. Qxc3 0-0 9. e3 d6 10. Bd3 Nbd7 11. 0-0-0 Qe7 12. h4 Ng4 13. Qc2 Ndf6 14. Bg5 h6 15. Bxf6 Qxf6 16. Rd2 c5 17. Re1 Rac8 18. Qa4 cxd4 19. exd4 e5 20. Bc2 e4 21. Ng1 d5 22. cxd5 Bxd5 23. Kb1 Qxh4 24. g3 Qg5 25. Red1 e3 26. Nh3 Qd8 27. fxe3 Nxe3 28. Nf4 Rxc2 29. Rxc2 Nxd1 30. Re2 Be4+ 31. Ka1 Rf7 0-1

[Event "USA-ch (Women)"]
[Site "Saint Louis"]
[Date "2022.10.13"]
[Round "8"]
[White "Yu, Jennifer R"]
[Black "Wu, Rochelle"]
[Result "1-0"]
[WhiteElo "2297"]
[BlackElo "2317"]
[PlyCount "73"]
[EventDate "2022.10.05"]
[EventType "tourn"]
[EventRounds "13"]
[EventCountry "USA"]
[EventCategory "2"]
[SourceTitle "CBM 210 Extra"]
[Source "ChessBase"]
[SourceDate "2022.11.30"]
[SourceVersion "1"]
[SourceVersionDate "2022.11.30"]
[SourceQuality "1"]

1. d4 d5 2. c4 c6 3. Nf3 Nf6 4. Nc3 a6 5. c5 Nbd7 6. Bf4 Nh5 7. Bd2 Nhf6 8. b4 g6 9. Qc2 Bg7 10. h3 0-0 11. Bf4 a5 12. b5 Ne4 13. bxc6 bxc6 14. e3 Nxc3 15. Qxc3 f6 16. Rd1 e5 17. Bg3 e4 18. Nd2 f5 19. h4 h6 20. Be2 Rf7 21. Rb1 Nf8 22. Rb6 Ne6 23. Rxc6 f4 24. Rd6 Qe7 25. Bxf4 Nxf4 26. exf4 Rxf4 27. Rxd5 Rxh4 28. Rxh4 Qxh4 29. Rd6 Kh7 30. Qg3 Qh1+ 31. Nf1 Bf5 32. Bg4 Rb8 33. Bxf5 gxf5 34. Rd7 Rg8 35. c6 Qh5 36. c7 Qe8 37. Rd8 1-0

[Event "Budapest FS08 IM"]
[Site "Budapest"]
[Date "2022.08.13"]
[Round "7"]
[White "Wu, Rochelle"]
[Black "Humburg, Philipp"]
[Result "1-0"]
[WhiteElo "2195"]
[BlackElo "2253"]
[PlyCount "73"]
[EventDate "2022.08.06"]
[EventType "tourn"]
[EventRounds "9"]
[EventCountry "HUN"]
[SourceTitle "CBM 209 Extra"]
[Source "ChessBase"]
[SourceDate "2022.09.30"]
[SourceVersion "1"]
[SourceVersionDate "2022.09.30"]
[SourceQuality "1"]

1. d4 Nf6 2. c4 g6 3. Nc3 Bg7 4. e4 d6 5. Nf3 0-0 6. h3 e5 7. d5 Na6 8. Bg5 h6 9. Be3 Nc5 10. Nd2 a5 11. Be2 c6 12. g4 Bd7 13. h4 a4 14. g5 hxg5 15. Bxg5 Qa5 16. Qc2 b5 17. Bxf6 Bxf6 18. dxc6 Bxc6 19. cxb5 Bb7 20. 0-0-0 a3 21. b3 Rac8 22. Nc4 Qb4 23. Bg4 Ne6 24. Bxe6 fxe6 25. Rh3 Rfd8 26. Rg1 Kf7 27. Rf3 Rg8 28. Qd2 Rxc4 29. bxc4 Kg7 30. h5 Bxe4 31. Nxe4 Qxc4+ 32. Nc3 g5 33. Rxg5+ Kh7 34. Rxg8 Kxg8 35. Rxf6 Qf1+ 36. Kc2 Qg2 37. Rg6+ 1-0

[Event "Budapest FS08 IM"]
[Site "Budapest"]
[Date "2022.08.09"]
[Round "4"]
[White "Ilincic, Zlatko"]
[Black "Wu, Rochelle"]
[Result "1/2-1/2"]
[WhiteElo "2321"]
[BlackElo "2195"]
[PlyCount "30"]
[EventDate "2022.08.06"]
[EventType "tourn"]
[EventRounds "9"]
[EventCountry "HUN"]
[SourceTitle "CBM 209 Extra"]
[Source "ChessBase"]
[SourceDate "2022.09.30"]
[SourceVersion "1"]
[SourceVersionDate "2022.09.30"]
[SourceQuality "1"]

1. d4 d5 2. c4 c6 3. Nf3 Nf6 4. e3 Bf5 5. Bd3 Bg6 6. 0-0 e6 7. Nc3 Nbd7 8. Qc2 Bxd3 9. Qxd3 Bb4 10. b3 0-0 11. Bb2 a5 12. Ne2 Bd6 13. Nc3 Bb4 14. Ne2 Bd6 15. Nc3 Bb4 1/2-1/2

[Event "Budapest FS08 IM"]
[Site "Budapest"]
[Date "2022.08.07"]
[Round "2"]
[White "Kovacsy, Barnabas"]
[Black "Wu, Rochelle"]
[Result "0-1"]
[WhiteElo "2244"]
[BlackElo "2195"]
[PlyCount "66"]
[EventDate "2022.08.06"]
[EventType "tourn"]
[EventRounds "9"]
[EventCountry "HUN"]
[SourceTitle "CBM 209 Extra"]
[Source "ChessBase"]
[SourceDate "2022.09.30"]
[SourceVersion "1"]
[SourceVersionDate "2022.09.30"]
[SourceQuality "1"]

1. e4 c5 2. Nf3 d6 3. d4 cxd4 4. Nxd4 Nf6 5. f3 e5 6. Nb3 d5 7. Bg5 d4 8. c3 Nc6 9. cxd4 Bb4+ 10. Bd2 Nxe4 11. Bxb4 Qh4+ 12. g3 Nxg3 13. hxg3 Qxh1 14. Ba3 Bh3 15. N1d2 0-0-0 16. Qc2 Bxf1 17. Qf5+ Kb8 18. Nxf1 exd4 19. 0-0-0 Qh6+ 20. f4 Qg6 21. Qb5 Rc8 22. Nc5 b6 23. Nd3 Nb4+ 24. Kb1 Nxd3 25. f5 Qc6 26. Qxd3 Rhe8 27. Qd2 Qe4+ 28. Ka1 Kb7 29. Qb4 Qc2 30. Rb1 Re2 31. f6 a5 32. Qb5 Qxb1+ 33. Kxb1 Re1# 0-1

[Event "Titled Tuesday intern op 02nd Aug Early"]
[Site "Chess.com INT"]
[Date "2022.08.02"]
[Round "8"]
[White "Aaditya, Dhingra"]
[Black "Wu, Rochelle"]
[Result "1-0"]
[WhiteElo "2214"]
[BlackElo "2195"]
[PlyCount "83"]
[EventDate "2022.08.02"]
[EventType "swiss (blitz)"]
[EventRounds "11"]
[EventCountry "USA"]
[SourceTitle "EXT 2023"]
[Source "ChessBase"]
[SourceDate "2022.10.05"]
[SourceVersion "1"]
[SourceVersionDate "2022.10.05"]
[SourceQuality "1"]

1. e4 c5 2. d3 d6 3. Nd2 Nc6 4. Ngf3 Nf6 5. g3 e5 6. Bg2 Be7 7. 0-0 Be6 8. Nc4 0-0 9. a4 h6 10. c3 Qc7 11. Re1 Rad8 12. Qc2 Rfe8 13. Bd2 a6 14. Nh4 Nh5 15. Nf5 Bxf5 16. exf5 d5 17. Ne3 Nf6 18. h3 e4 19. dxe4 dxe4 20. Ng4 Nxg4 21. hxg4 Bd6 22. Bxe4 Ne5 23. f6 Nxg4 24. Bh7+ Kh8 25. fxg7+ Kxg7 26. Bf5 Ne5 27. Kg2 Nc4 28. Rxe8 Rxe8 29. Rh1 Rh8 30. Bc1 Ne5 31. Qe2 Qe7 32. Be4 Qf6 33. Bxb7 Re8 34. Bxh6+ Kg8 35. Qh5 Ng6 36. Be3 Qg7 37. Bc6 Re7 38. Bd5 Ne5 39. Qf5 Ng6 40. Bh6 Qh7 41. Qf6 Re5 42. Qxd6 1-0

[Event "Titled Tuesday intern op 02nd Aug Early"]
[Site "Chess.com INT"]
[Date "2022.08.02"]
[Round "7"]
[White "Girinath, PDS"]
[Black "Wu, Rochelle"]
[Result "0-1"]
[WhiteElo "2311"]
[BlackElo "2195"]
[PlyCount "64"]
[EventDate "2022.08.02"]
[EventType "swiss (blitz)"]
[EventRounds "11"]
[EventCountry "USA"]
[SourceTitle "EXT 2023"]
[Source "ChessBase"]
[SourceDate "2022.10.05"]
[SourceVersion "1"]
[SourceVersionDate "2022.10.05"]
[SourceQuality "1"]

1. e4 c5 2. Nf3 d6 3. Bb5+ Bd7 4. Bxd7+ Qxd7 5. 0-0 Nf6 6. e5 dxe5 7. Nxe5 Qc7 8. d4 e6 9. Bf4 Bd6 10. Na3 a6 11. Nac4 0-0 12. dxc5 Bxe5 13. Bxe5 Qxc5 14. b3 Re8 15. Bxf6 gxf6 16. Qf3 f5 17. Qg3+ Kh8 18. Rad1 Nc6 19. Rd7 Re7 20. Rfd1 Rg8 21. Qc3+ e5 22. Rxe7 Qxe7 23. f4 f6 24. Re1 Re8 25. Kh1 Qe6 26. h3 Qd5 27. Kh2 Rg8 28. Re2 Nd4 29. Rf2 Qe4 30. Nd6 Qd5 31. Nc4 b5 32. Ne3 Qe4 0-1